| 000 | 00711nmc a2200265 a 4500 | ||
|---|---|---|---|
| 003 | AR-BaBNM | ||
| 005 | 20251128205645.0 | ||
| 008 | 128019s1991 ||||||||||||||000 | spa|| | ||
| 020 | _a84-7509-708-1 | ||
| 040 | _cAR-BaBNM | ||
| 100 | 1 | _aGoffman, Erving | |
| 245 | 1 | 0 |
_aLos momentos y sus hombres _btextos seleccionados y presentados por Yves Winkin |
| 250 | _a1ª ed. | ||
| 260 |
_aBarcelona _bPaidós _c1991 |
||
| 300 | 0 | _a231 p. | |
| 490 | 0 |
_aPaidós comunicación _vV. 46 |
|
| 650 | 4 | _aSOCIOLOGOS | |
| 650 | 4 | _aBIOGRAFIAS | |
| 650 | 4 | _aINTERACCION SOCIAL | |
| 650 | 4 | _aHOSPITALES PSIQUIATRICOS | |
| 650 | 4 | _aSOCIOLOGIA | |
| 700 | 1 |
_aWinkin, Yves _ecompilador |
|
| 942 | _cBK | ||
| 998 | _cD.B. | ||
| 999 |
_c12270 _d12270 |
||